| 000 | 01618cam a22003734a 4500 | ||
|---|---|---|---|
| 001 | 16146995 | ||
| 003 | OSt | ||
| 005 | 20140310182714.0 | ||
| 008 | 100322s2011 ilua 001 0 eng | ||
| 010 | _a 2010010890 | ||
| 020 | _a9780071745871 | ||
| 040 |
_aDLC _cDLC _dDLC |
||
| 050 | 0 | 0 |
_aQD 41 _b.R813 2011 |
| 082 | 0 | 0 |
_aM 540 _22nd ed. _bR813 2010 |
| 100 | 1 |
_aRosenberg, Jerome Laib, _d1921- |
|
| 245 | 1 | 0 |
_aCollege chemistry / _cRosenberg, Jerome; Epstein, Lawrence M. |
| 250 | _a2nd ed. | ||
| 260 |
_aNew York : _bMcGraw-Hill Companies, Inc., _cc2011. |
||
| 300 |
_aiii, 156 p. : _bill. ; _c22 cm. |
||
| 490 | 0 | _aSchaum's easy outline | |
| 500 | _aIncludes index. | ||
| 505 | 0 | _aQuantities and units -- Moles and empirical formula -- Calculations based on chemical equations -- Concentration and solution stoichiometry -- The ideal gas law and kinetic theory -- Thermochemistry -- Atomic structure -- Chemical bonding and molecular structure -- Solids and liquids -- Oxidation-reduction -- Properties of solutions -- Thermodynamics and chemical equilibrium -- Acids and bases -- Precipitates -- Electrochemistry -- Rates of reactions. | |
| 521 | _aCollege students | ||
| 526 | _c1210L-1700L | ||
| 541 | _j1 | ||
| 562 | _e1 | ||
| 650 | 0 |
_aChemistry _vOutlines, syllabi, etc. |
|
| 650 | 0 |
_aChemistry _vProblems, exercises, etc. |
|
| 700 | 1 | _aEpstein, Lawrence M. | |
| 700 | 1 |
_aRieger, Philip Henri, _d1935-. |
|
| 906 |
_a7 _bcbc _corignew _d1 _eecip _f20 _gy-gencatlg |
||
| 942 |
_2lcc _cBK _kM |
||
| 999 |
_c15260 _d15260 |
||